La logica della fisica moderna

Gespeichert in:
Bibliographische Detailangaben
1. Verfasser: Bridgman, Percy Williams (VerfasserIn)
Format: Buch
Sprache:Italienisch
Veröffentlicht: Turín Scientifiche Einaudi 1952
Ausgabe:1a. ed
Schriftenreihe:Biblioteca di Cultura Scientifica
Schlagworte:
Tags: Tag hinzufügen
Keine Tags, Fügen Sie den ersten Tag hinzu!

MARC

LEADER 00000nam a2200000 a 4500
001 UCH1099
003 CL-VaPUC
008 090409e19520000IT |||||||||||||||||ita|d
082 0 4 |a 530.01  |b BRI  |2 21 
100 0 |a Bridgman, Percy Williams  |e author  |9 535444 
245 1 3 |a La logica della fisica moderna 
250 |a 1a. ed 
300 |a 204 p 
942 |c BK 
945 |d 20090409 00:00:00  |a rbrito 
260 |a Turín  |b Scientifiche Einaudi  |c 1952 
650 0 |a Física   |9 227844 
650 0 |a Filosofía de las ciencias  |9 256466 
650 0 |a Lógica  |9 256849 
583 |a last modification  |c 20121001 11:08:21  |k Rodrigo Vera 
490 0 |a Biblioteca di Cultura Scientifica 
999 |c 333177  |d 333175 
952 |0 0  |1 0  |4 0  |6 530_010000000000000_BRI_1952  |7 0  |8 A  |9 421381  |a BIBCUR  |b BIBCUR  |d 2019-11-22  |i 4534301  |o 530.01 BRI 1952  |p 4534301  |r 2025-04-22  |w 2019-11-22  |y BK  |k FIS